| 000 | 00462nam a2200145Ia 4500 | ||
|---|---|---|---|
| 003 | GCL | ||
| 008 | 140319s9999 xx 000 0 ara d | ||
| 040 |
_aGCL / _cGCL |
||
| 082 | 0 | 4 |
_a227.136 _bع ف |
| 100 | 1 | _aعبدالحميد بن حسن ال الشيخ | |
| 245 | 1 | 0 |
_aفتح المجيد شرح كتاب التوحيد / _cعبدالحميد بن حسن ال الشيخ |
| 260 |
_a[S.N] : _bالمكتبة الثقافية |
||
| 300 | _a518 ص | ||
| 490 | _a | ||
| 999 |
_c28922 _d28922 |
||